A PRISON DIARY (Record no. 2240)
[ view plain ]
| 000 -LEADER | |
|---|---|
| fixed length control field | 00613nam a22001457a 4500 |
| 020 ## - INTERNATIONAL STANDARD BOOK NUMBER | |
| ISBN | 978-0-330-41859-1 |
| 082 ## - DEWEY DECIMAL CLASSIFICATION NUMBER | |
| Classification number | 8123 |
| Item number | ARC/P |
| 100 ## - MAIN ENTRY--AUTHOR NAME | |
| Personal name | JEFFREY ARCHER |
| 245 ## - TITLE STATEMENT | |
| Title | A PRISON DIARY |
| 260 ## - PUBLICATION, DISTRIBUTION, ETC. (IMPRINT) | |
| Place of publication | LONDON |
| Name of publisher | PAN BOOKS |
| 300 ## - PHYSICAL DESCRIPTION | |
| Number of Pages | 259 |
| 520 ## - SUMMARY, ETC. | |
| Summary, etc | This book, written under the nom de plume FF 8282, documents Archer's introduction to the prison system. He was to spend the first 22 days and 14 hours in HMP Belmarsh, a double A-Category high-security prison in South London. Although Archer spent less than a month there, Belmarsh is described as a real hell-hole. |
| 650 ## - SUBJECT ADDED ENTRY--TOPICAL TERM | |
| Topical Term | NOVEL |
| Geographic subdivision | LONDON |
| 942 ## - ADDED ENTRY ELEMENTS (KOHA) | |
| Koha item type | Books |
| Withdrawn status | Lost status | Collection code | Home library | Current library | Shelving location | Date acquired | Source of acquisition | Full call number | Accession Number | Koha item type |
|---|---|---|---|---|---|---|---|---|---|---|
| Fiction | Main Library | Main Library | SHELF-2-D ENGLIAH NOVELS FOR TEACHERS | 18/06/2010 | PURCHASE | 8123 ARC/P | 05422 | Books |